La ciencia y la vida / (Record no. 195925)

MARC details
000 -LEADER
campo de control de longitud fija 01305nam a22003735i 4500
001 - NÚMERO DE CONTROL
campo de control 195925
003 - IDENTIFICADOR DE NÚMERO DE CONTROL
campo de control ES-MaACL
005 - FECHA Y HORA DE LA ÚLTIMA TRANSACCIÓN
campo de control 20250821063120.0
008 - DATOS DE LONGITUD FIJA--INFORMACIÓN GENERAL
campo de control de longitud fija 240802s2018 sp 001 u spa d
017 ## - NÚMERO DE COPYRIGHT O DE DEPÓSITO LEGAL
Número de copyright o de depósito legal B 13520-2016
020 ## - NÚMERO INTERNACIONAL ESTÁNDAR DEL LIBRO
Número Internacional Estándar del Libro 9788499897660
035 ## - NÚMERO DE CONTROL DEL SISTEMA
Número de control de sistema Rebiun35243441
040 ## - FUENTE DE CATALOGACIÓN
Centro catalogador/agencia de origen FTG
Lengua de catalogación spa
Centro/agencia transcriptor ES-MaACL
080 ## - NÚMERO DE LA CLASIFICACIÓN DECIMAL UNIVERSAL
Número de la Clasificación Decimal Universal 167
100 ## - ENTRADA PRINCIPAL--NOMBRE DE PERSONA
Nombre de persona Fuster, Valentín,
Fechas asociadas al nombre 1943-
9 (RLIN) 237697
245 03 - MENCIÓN DEL TÍTULO
Título La ciencia y la vida /
Mención de responsabilidad, etc. Valentín Fuster y José Luis Sampedro con Olga Lucas
250 ## - MENCION DE EDICION
Mención de edición 1. ed., cuarta reimpresión: julio de 2022
260 ## - PUBLICACIÓN, DISTRIBUCIÓN, ETC.
Lugar de publicación, distribución, etc. [Barcelona] :
Nombre del editor, distribuidor, etc. Penguin Random House
Fecha de publicación, distribución, etc. 2018
300 ## - DESCRIPCIÓN FÍSICA
Extensión 252 p. ;
Dimensiones 19 cm
336 ## - TIPO DE CONTENIDO
Fuente rdacontent
Término de tipo de contenido texto
337 ## - TIPO DE MEDIO
Fuente rdamedia
Nombre/término del tipo de medio sin mediación
338 ## - TIPO DE SOPORTE
Fuente rdacarrier
Nombre/término del tipo de soporte volumen
490 1# - MENCIÓN DE SERIE
Mención de serie Ensayo
650 14 - PUNTO DE ACCESO ADICIONAL DE MATERIA--TÉRMINO DE MATERIA
Término de materia o nombre geográfico como elemento de entrada Ciencia-
Subdivisión general Filosofía
9 (RLIN) 10950
650 10 - PUNTO DE ACCESO ADICIONAL DE MATERIA--TÉRMINO DE MATERIA
Término de materia o nombre geográfico como elemento de entrada Ciencia-
Subdivisión general Aspectos sociales
9 (RLIN) 237698
700 1# - ENTRADA AGREGADA--NOMBRE PERSONAL
Nombre de persona Sampedro, José Luis,
Fechas asociadas al nombre 1917-2013
9 (RLIN) 102185
700 1# - ENTRADA AGREGADA--NOMBRE PERSONAL
Nombre de persona Lucas, Olga,
Fechas asociadas al nombre 1947-
9 (RLIN) 74536
830 ## - PUNTO DE ACCESO ADICIONAL DE SERIE-TÍTULO UNIFORME
Título uniforme DeBolsillo Ensayo
9 (RLIN) 239888
852 ## - LOCALIZACIÓN
Ubicación ES-MaACL
Ubicación en estantería Depósito J
Número de control de estantería N-9045
Donativo/Legado Donación: Editorial
Encuadernación Encuadernación: Rústica
itemnumber 204907
942 ## - ELEMENTOS DE ENTRADA SECUNDARIOS (KOHA)
Fuente del sistema de clasificación o colocación Clasificación decimal universal
Tipo de ítem Koha Libro impreso
Suprimir en OPAC No
954 ## - CATALOGADORES
Estado de la copia Tatiana Alejandra de Castro Pérez
Holdings
Estatus retirado Estado de pérdida Fuente del sistema de clasificación o colocación Estado de daño No para préstamo Biblioteca de origen Biblioteca actual Ubicación en estantería Fecha de adquisición Fuente de adquisición Total de préstamos Signatura topográfica completa Código de barras Visto por última vez Precio de reemplazo Tipo de ítem Koha
    Clasificación decimal universal     Biblioteca del Ateneo de Madrid Biblioteca del Ateneo de Madrid Depósito J 25/03/2025 Donación   N-9045 101229755 25/03/2025 25/03/2025 Libro impreso